Países del Danubio - Estadísticas

Estadísticas generales
  • Esta prueba ha sido intentada 2.397 veces
  • La puntuación promedio es 9 de 10
Estadísticas de respuestas
Países % Correcto
Hungría
96%
Austria
94%
Alemania
92%
Rumania
91%
Eslovaquia
90%
Bulgaria
87%
Serbia
87%
Croacia
81%
Ucrania
79%
Moldavia
74%
No se encontraron pruebas coincidentes
Distribución de puntuación
Porcentaje de gente con cada puntuación
Porcentaje por número respondido
Historial de tus puntuaciones
No has intentado esta prueba.